00338nam a2200121Ia 45000030006000000080041000060400015000471000051000622450041001132600033001545460012001870050017001990STCL150530s9999 xx 000 0 und d aSTCLcSTCL aShakespeare; Lahiri, J.; Sastri, P.S.; Editors aShakespeare: Mid summer nights dream bLakshmi Narain Agarwalc1960 aEnglish20220125170951.0